000
00333nam a22001457a 4500
003
OSt
005
20231211154636.0
008
231211b |||||||| |||| 00| 0 eng d
020
_a
9780367270223
040
_c
245
_a
Industrial fire protection handbook
_c
Craig,Schroll
250
_a
2
260
_b
CRC
942
_2
ddc
_c
BK
_n
0
999
_c
36009
_d
36009